Detalles MARC
| 000 -CABECERA |
| campo de control de longitud fija |
01376nam a2200265 a 4500 |
| 001 - NÚMERO DE CONTROL |
| campo de control |
000033065 |
| 003 - IDENTIFICADOR DEL NÚMERO DE CONTROL |
| campo de control |
OSt |
| 005 - FECHA Y HORA DE LA ÚLTIMA TRANSACCIÓN |
| campo de control |
20260321073642.0 |
| 008 - DATOS DE LONGITUD FIJA--INFORMACIÓN GENERAL |
| campo de control de longitud fija |
110329s1993 dr c 000 0 spa d |
| 040 ## - FUENTE DE LA CATALOGACIÓN |
| Centro catalogador/agencia de origen |
DO-SdBNP |
| Lengua de catalogación |
spa |
| Centro/agencia transcriptor |
BNPHU |
| 082 ## - NÚMERO DE LA CLASIFICACIÓN DECIMAL DEWEY |
| Número de clasificación |
320.97293054 |
| Número de documento/Ítem |
G934g |
| 100 ## - ENTRADA PRINCIPAL--NOMBRE DE PERSONA |
| Nombre de persona |
Guerrero, Miguel, |
| Fechas asociadas al nombre |
1945- |
| 9 (RLIN) |
14303 |
| 245 13 - MENCIÓN DE TÍTULO |
| Título |
El golpe de estado : |
| Resto del título |
historia de la democracia de Juan Bosch / |
| Mención de responsabilidad, etc. |
Miguel Guerrero. |
| 260 ## - PUBLICACIÓN, DISTRIBUCIÓN, ETC. |
| Lugar de publicación, distribución, etc. |
Santo Domingo : |
| Nombre del editor, distribuidor, etc. |
Corripio, |
| Fecha de publicación, distribución, etc. |
1993. |
| 300 ## - DESCRIPCIÓN FÍSICA |
| Extensión |
381 p. : |
| Otras características físicas |
il., retrs. ; |
| Dimensiones |
23 cm. |
| 500 ## - NOTA GENERAL |
| Nota general |
Incluye índice de nombres |
| 500 ## - NOTA GENERAL |
| Nota general |
Incluye datos biográficos del autor en la solapa de la contracubierta |
| 505 0# - NOTA DE CONTENIDO CON FORMATO |
| Nota de contenido con formato |
Prologo -- |
| Título |
Introducción -- |
| -- |
Rompiendo la tradición -- |
| -- |
Dondequiera hay un Trujillo -- |
| -- |
Bosch y la iglesia-- |
| -- |
Bosch y los militares-- |
| -- |
Todos están contra Bosch -- |
| -- |
Dos informes de la CIA y un viaje a México-- |
| -- |
Un paro patronal -- |
| -- |
Las dos crisis con Haití -- |
| -- |
El golpe-- |
| -- |
Varias llamadas al amanecer -- |
| -- |
Un prisionero en el palacio-- |
| -- |
El triunvirato-- |
| -- |
La ruta del exilio-- |
| -- |
Un presidente para la clandestinidad -- |
| -- |
Todo fin tiene un comienzo -- |
| 590 ## - NOTA LOCAL (RLIN) |
| Nota local |
Inventariado, 2018/LP |
| 600 10 - PUNTO DE ACCESO ADICIONAL DE MATERIA--NOMBRE DE PERSONA |
| Nombre de persona |
Bosch, Juan, |
| Fechas asociadas al nombre |
1909-2001 |
| 9 (RLIN) |
76555 |
| 651 #4 - PUNTO DE ACCESO ADICIONAL DE MATERIA--NOMBRE GEOGRÁFICO |
| Nombre geográfico |
República Dominicana |
| Subdivisión general |
Historia |
| 9 (RLIN) |
170 |
| 651 #4 - PUNTO DE ACCESO ADICIONAL DE MATERIA--NOMBRE GEOGRÁFICO |
| Nombre geográfico |
República Dominicana |
| Subdivisión general |
Política y Gobierno |
| Subdivisión cronológica |
1961- |
| 9 (RLIN) |
204 |
| 910 ## - DATOS DE OPCIÓN DEL USUARIO (OCLC) |
| Datos de opción del usuario |
Validado. Control de calidad MFF |
| 942 ## - ELEMENTOS DE PUNTO DE ACCESO ADICIONAL (KOHA) |
| Fuente del sistema de clasificación o colocación |
Dewey Decimal Classification |
| Tipo de ítem Koha |
Libro |